000 00737cab a2200217 4500
001 ABS39977
008 090401t1988 xxu||||| |||| 00| 0 eng d
035 _a(Sirsi) u20401
041 _aeng
100 _aSmith, R.
245 _aPrivate rented sector: the Housing Bill and Business Expansion Scheme
260 _c1988
350 _a0
490 _aEstates Gazette
_v(8844) 5 November 1988, 28-30(2)
520 _aOutlines Government proposals to deregulate the private rented sector contained in the Housing Bill and prospects for investment in that sector under the Business Expansion Scheme .
650 _aASSURED TENANCIES
650 _aHOUSING
690 _aBlock management
_96220
942 _n0
948 _c04/03/1997
999 _c13668
_d13668